000 00561cam a2200157 4500500
005 20251228090834.0
041 _afre
042 _adc
100 1 0 _ade Langre, Emmanuel
_eauthor
700 1 0 _aFaguer, Nicolas
_eauthor
245 0 0 _aTémoignage : « Pourquoi Péguy compte pour moi… »
260 _c2018.
500 _a93
786 0 _nBulletin de l’Amitié Charles Péguy | 163 | 3 | 2018-04-22 | p. 245-247 | 0180-8567
856 4 1 _uhttps://shs.cairn.info/revue-bulletin-de-lamitie-charles-peguy-2018-3-page-245?lang=fr&redirect-ssocas=7080
999 _c1602785
_d1602785